| 000 | 01104nam0a2200325 i 4500 | ||
|---|---|---|---|
| 001 | RU\NLR\BIBL_A\011141807 | ||
| 005 | 20240921121952.0 | ||
| 010 |
_a9785699879038 _910000 |
||
| 021 |
_aRU _b2016-39848 _92549 |
||
| 035 | _a(NILC)RuMoRGB-008489189 | ||
| 035 | _a(NLR Aleph) 011141807 | ||
| 090 |
_a11623363 _c11623363 |
||
| 100 | _a20160530d2016 u y0rusy50 ca | ||
| 101 | 1 |
_arus _ceng |
|
| 102 | _aRU | ||
| 105 | _ay|||z||||||a| | ||
| 200 | 1 |
_aДругой день, другая ночь _e[роман] _fСара Райнер _g[пер. с англ. О. Корчевской] |
|
| 210 |
_aМосква _cЭ _d2016 |
||
| 215 |
_a377, [2] с. _d19 |
||
| 225 | 1 |
_aТем, кто любит С. Ахерн _eроманы Сары Райнер |
|
| 320 | _aДр. кн. авт.: с. 2 | ||
| 333 | _a16+ | ||
| 686 | 1 | _aШ6(4Вл)67-440.4{Лх1299-50} | |
| 700 | 1 |
_7ca _8rus _aРайнер _bС. _f1963- _gСара _9159420 _3RU\NLR\AUTH\770159461 |
|
| 801 | 0 |
_aRU _bРГБ _c20160517 _gRCR |
|
| 942 | _cBOOK | ||
| 980 | _aNBR | ||